Numerical methods for ordinary differential systems : the initial value problem

Αποθηκεύτηκε σε:
Λεπτομέρειες βιβλιογραφικής εγγραφής
Κύριος συγγραφέας: Lambert, J. D. (John Denholm) 1932-
Μορφή: Βιβλίο
Γλώσσα:English
Δημοσίευση: Chichester : New York : Wiley, c1991
Θέματα:
Ετικέτες: Προσθήκη ετικέτας
Δεν υπάρχουν, Καταχωρήστε ετικέτα πρώτοι!

MARC

LEADER 00000cam a2200000 i 4500
001 1/36090
008 941103s1991 eng d
020 |a 0471929905  |c $45.90 
035 |l 10040147 
035 |a 1993  |c ΣΕΙΜΕΝΗΣ 
040 |a GR-MY-UA  |b gre  |e aacr 
041 0 |a eng 
082 0 |a 515.35  |2 (20) 
100 1 |a Lambert, J. D. (John Denholm)  |d 1932- 
245 1 0 |a Numerical methods for ordinary differential systems :  |b the initial value problem /  |c J.D. Lambert 
260 |a Chichester :   |a New York :   |b Wiley,   |c c1991 
300 |a x, 293 p.;  |b ill.;  |c 25 cm 
504 |a Includes bibliographical references (p. [285]-290) and index 
650 0 0 |a Initial value problems  |x Numerical solutions. 
852 |a INST  |b SAMOS  |e 19941103  |h 515.35 LAM  |p 005300003817  |q 005300003817  |t BK  |y 0 
909 |a Σ  |b 025358